00796nam a22002297a 450000500170000001000130001702000220003003700160005204000120006808200150008010000230009524500410011826000420015927000400020130000190024150000520026065000300031265000590034294200240040199900190042595201220044420170124105945.0 aA-702144 c00.00a8124600325 bCen Lib/Ret aDPLbEN a230.1bMOG aMoghe, S.G.912060 aA peep at indology /cby S.G. Moghe  bD.K. Printworld (P) Ltd.aDelhic1994 aH-12, Bali NagarbNew Delhie110015 a136p.c22m(Hb) aIncludes bibliographical references and index.  aVedic philology. 912061 a Sanskrit literature -- History and criticism. 912062 2ddccENh230.1mMOG c124823d124823 00104070aLbLd2015-06-18eCen Lib/Retg0.00l0o230.1 MOGpA-702144r2015-06-18 00:00:00t1v0.00w2015-06-18yEN